Arequipa moderna y contemporánea I : (Registro nro. 25515)

Detalles MARC
000 -Cabecera
Campo de control interno 01242nam a22002657a 4500
005 - Fecha y hora del registro
control field 20260428102951.0
008 - Elementos de Longitud Fija
fixed length control field 260428b |||||||| |||| 00| 0 spa d
020 ## - ISBN
ISBN 9786125035578
041 ## - Idioma
Codigo Idioma ESP
082 ## - DEWEY y NOTACIÓN INTERNA
Dewey 720.98541
Notación Interna Z55 V. 1
100 ## - AUTOR
Autor denominación Zeballos Velarde, Carlos Renzo,
Término de relación autor
245 ## - TÍTULO DE MATERIAL BIBLIOGRÁFICO
Título Arequipa moderna y contemporánea I :
Título paralelo 1868-1940, una historia urbano arquitectónica
250 ## - EDICIÓN
Edición Primera edición
260 ## - CIUDAD, EDITORIAL, AÑO
Ciudad Arequipa :
Nombre de la Editorial Universidad Nacional de San Agustín,
Año 2022
300 ## - DESCRIPCIÓN
N° Páginas 296 páginas :
Otros detalles figuras, ilustraciones, cuadros ;
Dimensiones 27 cm.
440 ## - MENCIÓN DE SERIE
Título de la Serie ;
650 ## - TEMAS
Temas Las Artes
653 ## - DESCRIPTORES
Lenguajes no controlado Arquitectura - Perú (Arequipa); Arquitectura moderna - Siglos XIX-XX; Urbanismo - Perú - Arequipa - Historia; Diseño arquitectónico - Perú - Arequipa - Historia; Arequipa (Perú : Departamento) - Monumentos históricos; Arequipa (Perú : Departamento) - Historia
654 ## - PROGRAMAS
Programa Dpto. de Humanidades
700 ## - OTROS AUTORES
Otros autores ;
856 ## - URL - UBICACIÓN
URI/URL: Enlace exacto del recurso <a href="https://itmsp.museknowledge.com/UCSP?groupID=2">https://itmsp.museknowledge.com/UCSP?groupID=2</a>
Nota pública: Versión digital <a href="Véase además: Biblioteca digital">Véase además: Biblioteca digital</a>
856 ## - URL - UBICACIÓN
URI/URL: Enlace exacto del recurso <a href="https://itmsp.museknowledge.com/UCSP?groupID=2&action=source&sourceID=ArchitectureOpenLibrary">https://itmsp.museknowledge.com/UCSP?groupID=2&action=source&sourceID=ArchitectureOpenLibrary</a>
Nota pública: Versión digital <a href="Véase además: Base de datos Architecture Open Library">Véase además: Base de datos Architecture Open Library</a>
942 ## - ELEMENTOS DE KOHA
Tipo de documento Libro
Nombre del creador Justo Noguera
Código de catalogador Tania Ramirez
Suppress in OPAC No
Esquema de clasificación Dewey Decimal Classification
Existencias
Codigo completo Registro Colección Copia número Disponibilidad Tipo de préstamo Biblioteca Actual Procedencia (Biblioteca) Ubicacón Fecha Ingreso Tipo de Adquisición Observación Date last seen Total checkouts Price effective from Tipo de Item Estado del Material Fuente de Clasificación Damaged status Withdrawn status
720.98541 Z55 V. 1 1088492 Universidad Católica San Pablo 2 No disponible Proceso Víctor Andrés Belaunde Víctor Andrés Belaunde Segundo piso 17/04/2026 Donación Carlos Zeballos 17/04/2026   17/04/2026 Libro Bueno Dewey Decimal Classification   Withdrawn
720.98541 Z55 V. 1 1079777 Universidad Católica San Pablo 1 No disponible Proceso Víctor Andrés Belaunde Víctor Andrés Belaunde Segundo piso 28/04/2026 Donación Arquitectura 28/04/2026   28/04/2026 Libro Bueno Dewey Decimal Classification